00495nam a2200169Ia 4500008004100000100001900041245004200060245001800102260002500120260000900145300002800154440009100182650001600273650001100289650001200300650001300312200115s9999 xx 000 0 und d aDiNuzzo, Emily aWhy dermatologists don't use loofahs/ cEmily DiNuzzo bReader's Digest Asia c2019 aPage 22, September 2019 aAsia Reader's Digest: My Coma Miracle Cyclist's Triumph after horror accidentv116:679 adermatology ahealth ahygiene askincare